000 00576nam a2200241Ia 4500
003 AR-RoIUNI
005 20190702142054.0
008 150616s9999 xx 000 0 und d
020 _a8800852475
040 _cIUNIR
040 _dOCLC
_cIUNIR
080 _a811.131.1 MAZ
100 1 _aMazzetti, Alberto
245 1 _aQui Italia
_bCorso di lingua italiana per stranieri
_nTomo 1
250 _a1a. ed.
260 _aFirenze
260 _bLe Monnier
260 _c1995
300 _a399 p.
300 _c24 cm.
650 1 0 _9544
_aItaliano
_xLengua
942 _cBK
_2cdu
999 _c382
_d382